Statistics for Formula 1 2020s Drivers

Click here to take the quiz!

General Stats

  • This quiz has been taken 143 times
    (139 since last reset)
  • The average score is 22 of 27

Answer Stats

Number of RacesAnswer% Correct
18Lewis Hamilton
100%
19Max Verstappen
95%
19Daniel Ricciardo
93%
19Lando Norris
93%
19Sebastian Vettel
92%
17Sergio Perez
91%
19Valterri Bottas
89%
19George Russell
88%
19Carlos Sainz
87%
19Charles Leclerc
86%
19Esteban Ocon
86%
19Kimi Raikkönen
86%
18Lance Stroll
86%
17Kevin Magnussen
84%
19Nicholas Latifi
84%
19Pierre Gasly
84%
3Nico Hülkenberg
83%
15Romain Grosjean
80%
17Alexander Albon
79%
19Antonio Giovinazzi
78%
2Fernando Alonso
71%
2Nikita Mazepin
66%
2Mick Schumacher
64%
2Pietro Fittipaldi
63%
1Jack Aitken
59%
2Yuki Tsunoda
58%
17Daniil Kvyat
54%

Score Distribution

Percentile by Number Answered

Percent of People with Each Score

Your Score History

You have not taken this quiz since the last reset